banner-ar

ندوة التوسع الحضرى/ (Record no. 65605)

MARC details
000 -الفاتح
حقل البيانات ثابتة الطول 00751nam a22002177a 4500
005 - وقت وتاريخ اخر تعامل مع التسجيلة
رقم الضبط 20240530110834.0
008 - عناصر البيانات ثابتة الطول - معلومات عامة
حقل البيانات ثابتة الطول 191008s ua a f 000 0 ara d
017 ## - رقم الايداع القانونى
المصدر ( الهيئة المختصة) مصر. دار الكتب
040 ## - مصدر الفهرسة
وكالة الفهرسة الأصلية EG-CaGPL
وكالة النسخ EG-CaGPL
082 04 - رقم تصنيف ديوى العشرى
رقم الطبعة 21
رقم التصنيف 309.262
رقم المادة ق/م ن
110 0# - المدخل الرئيسى - إسم هيئة
اسم الهيئة أو اسم السلطة كمدخل معهد التخطيط القومى
245 10 - بيان العنوان
العنوان ندوة التوسع الحضرى/
بيان المسئوليه,etc معهد التخطيط القومى
300 ## - الوصف المادى
التعداد 751 ص.:
تفاصيل ماديه اخرى للوعاء ايض. ،
أبعاد الوعاء 24سم
650 07 - المدخل الاضافى بالموضوع-مصطلح موضوعى
مصدر الرأس أو المصطلح qrmak
مصطلح موضوعي الاسكان
التقسيم الفرعي الجغرافي مصر
650 07 - المدخل الاضافى بالموضوع-مصطلح موضوعى
مصطلح موضوعي المجتمعات الحضارية
التقسيم الفرعي الجغرافي مصر
653 ## - مصطلح تكشيفى غير مقيد
مصطلح غير مقيد التوسع الحضرى
653 ## - مصطلح تكشيفى غير مقيد
مصطلح غير مقيد النمو الحضرى - مصر
942 ## - عناصر المدخل الإضافي( كوها)
مصدر التصنيف او مخطط الترفيف Dewey Decimal Classification
Koha [default] item type كتاب
260 ## - PUBLICATION, DISTRIBUTION, ETC. (IMPRINT)
-- القاهرة :
Holdings
حالة التراجع حالة الفقد حالة تلف ليس للاعارة المكان المؤقت الموقع الحالى موقع الترفيف تاريخ الاكتساب اجمالي اﻻعارات رقم الطلب الباركود تاريخ اخر مشاهدة تاريخ تفعيل السعر نوع وعاء كوها
        مكتبة القاهرة الكبرى مكتبة القاهرة الكبرى   10/08/2019   309.262 ق/م ن 166562 10/08/2019 10/08/2019 كتاب

Powered By

EGPV